000 00250nam a2200097 a 4500
005 20140414131958.0
008 110209s19uu xx 00 eng d
050 _aTR 398.2
_bSt6 2008
245 _aI like to read, storytime collection.
999 _c112984
_d112984